Úloha účtovnej závierky pre jej používateľov bakalárska práca

Na minha lista:
Detalhes bibliográficos
Autor principal: Dankovič, Dávid
Autor Corporativo: Fakulta hospodárskej informatiky EU. Katedra účtovníctva a audítorstva
Outros Autores: Husárová, Stanislava
Formato: Livro
Idioma:eslovaco
Publicado em: Bratislava 2009
Tags: Adicionar Tag
Sem tags, seja o primeiro a adicionar uma tag!

MARC

LEADER 00000nam$a2200000$$$4500
001 0101065
005 20240318135008.8
041 0 |a slo 
044 |a SK 
245 1 0 |a Úloha účtovnej závierky pre jej používateľov  |b bakalárska práca  |c Dávid Dankovič ; škol. Stanislava Husárová 
264 1 |a Bratislava  |c 2009 
300 |a 36 s. 
100 1 |a Dankovič, Dávid 
700 1 |a Husárová, Stanislava 
710 2 |a Fakulta hospodárskej informatiky EU. Katedra účtovníctva a audítorstva